Les femmes dans le plan de Paris de A à D - Statistiques

Statistiques générales
  • Ce quiz a été pris 5 fois
  • Le résultat moyen est 7 sur 110
Statistiques - réponses
Hint Extra Hint Explanation Réponse % Correct
Marie-Pauline Chardon-Lagache XIXe Confondatrice d'une maison de retraite 1892
50%
Marie-Thérèse d'Autriche 1717-1780 Reine de Hongrie / 1er 1789
25%
Maria Deraismes 1828-1894 Ecrivaine / 17e 1894
25%
Marietta Alboni 1826-1894 Cantatrice / 16e 1896
25%
Juliette Adam 1836-1936 Ecrivaine / 17e 1897
25%
Maria Callas 1923-1977 Cantatrice / 16e / 2000 1990/2000
25%
Simone de Beauvoir 1908-1986 Philosophe / 6e / 2000 1990/2000
25%
Cécile Brunschvicg 1877-1946 Femme politique / 18e / 2008 2006/2010
25%
Léa Blain 1922-1944 Résistante / 16e / 2007 2006/2010
25%
Françoise Dorléac 1942-1967 Actrice / 18e / 2013 2011/2015
25%
Madeleine Braun 1907-1980 Editrice / 10e / 2012 2011/2015
25%
Louise Bourgeois 1911-2010 Artiste / 13e / 2011 2011/2015
25%
Emma Calvé 1858-1942 Cantatrice / 12e / 2018 2016/2020
25%
Juliette Drouet 1806-1883 Actrice / 9e / 2017 2016/2020
25%
Lydia Becker 1827-1890 Féministe / 18e / 2019 2016/2020
25%
Ovida Delect 1986-1996 Femme politique / 4e / 2019 2016/2020
25%
Florence Arthaud 1957-2015 Navigatrice / 19e / 2016 2016/2020
25%
Coccinelle 1931-2006 Actrice / 9e / 2016 2016/2020
25%
Anne-Marie Bauer 1914-1996 Résistante / 14e / 2024 2021/2025
25%
Marthe Condat 1886-1939 Médecin / 12e / 2023 2021/2025
25%
Marie-Louise Dugès-Lachapelle 1769-1821 Sage-femme / 12e / 2023 2021/2025
25%
Maria Casarès 1922-1996 Actrice / 10e / 2022 2021/2025
25%
Arletty 1898-1992 Actrice / 10e / 2022 2021/2025
25%
Louise Abbéma 1853-1927 Artiste / 14e / 2022 2021/2025
25%
Rose Dieng-Kuntz 1856-2008 Scientifique / 19e / 2023 2021/2025
25%
Marie-Thérèse d'Autriche 1638-1683 Reine de France / 1er 1692
0%
Anne de Bavière-Palatinat 1648-1723 Princesse / 6e 1715
0%
Marie-Éléonore de Bellefond 1659-1717 Religieuse / 9e 1721
0%
Julie Bêcheur XVIIIe Marchande de légumes / 1er 1789
0%
Louise d'Artois 1819-1864 Princesse / 15e 1827
0%
Élisa Borey XIXe Propriétaire / 20e 1840
0%
Clotilde 474-545 Reine des Francs / 5e 1841
0%
Marie-Charlotte-Hippolyte de Campet de Saujon, 1725-1800 Femme de lettres / 16e 1852
0%
Désirée Propriétaire 1856
0%
Jeanne d'Arc 1412-1431 Sainte / 13e 1864
0%
Marceline Desbordes-Valmore 1786-1859 Poètesse / 16e 1864
0%
Maria Brignole Sale 1811-1888 Philanthrope / 16e 1879
0%
Rosa Bonheur 1822-1899 Artiste / 15e 1900
0%
Juliette Dodu 1848-1909 Espionne / 10e 1910
0%
Agar 1832-1891 Actrice / 16e 1912
0%
Camille Desinge du Gast 1868-1942 Sportive / 11e 1928
0%
Marie-Louise Cognacq-Jaÿ 1838-1925 Femme d'affaires / 7e 1928
0%
Hortense Dury-Vasselon 1860-1924 Artiste peintre / 20e 1930
0%
Georgette Agutte 1867-1922 Artiste / 18e 1930
0%
Florence Blumenthal 1873-1930 Philanthrope / 18e 1932
0%
Marguerite Boucicaut 1898-1987 Femme d'affaires / 15e 1932
0%
Augusta Dejerine-Klumpke 1859-1927 Médecin / 20e 1935
0%
Danielle Casanova 1909-1943 Résistante / 1er 1944
0%
Berty Albrecht 1893-1943 Résistante / 8e 1944
0%
Julia Bartet 1854-1941 Comédienne / 14e 1956
0%
Maryse Bastié 1898-1952 Aviatrice / 13e 1956
0%
Jeanne Angélique Compoint 1826-1907 Propriétaire / 18e 1959
0%
Colette 1873-1954 Ecrivaine / 1er 1966
0%
Marie Curie 1867-1934 Physicienne & Chimiste / 5e 1967
0%
Lili Boulanger 1893-1918 Compositrice / 9e 1970
0%
Nadia Boulanger 1887-1979 Compositrice / 9e 1970
0%
Eugénie Cotton 1881-1967 Physicienne / 19e 1976
0%
Catherine-Marie ?-1971 Religieuse / 13e 1977
0%
Béatrix Dussane 1888-1969 Actrice / 15e 1979
0%
Nicole Chouraqui 1938-1987 Economiste / 19e / 1998 1990/2000
0%
Dalida 1933-1987 Chanteuse / 18e / 1996 1990/2000
0%
Hélène Basch 1863-1944 Fusillée / 14e / 1992 1990/2000
0%
Joséphine Baker 1906-1975 Artiste de variété / 14e / 2000 1990/2000
0%
Mademoiselle de Champmeslé 1642-1698 Comédienne / 19e / 1993 1990/2000
0%
Sonia Delaunay 1885-1979 Artiste / 20e / 1991 1990/2000
0%
Camille Claudel 1864-1943 Sculptrice / 15e / 1992 1990/2000
0%
Marguerite Duras 1914-1996 Ecrivaine / 13e / 2003 2001/2005
0%
Françoise Dolto 1908-1988 Psychanaliste / 13e / 2003 2001/2005
0%
Hélène Brion 1882-1962 Institutrice / 13e / 2005 2001/2005
0%
Hannah Arendt 1906-1975 Politologue / 19e / 2003 2001/2005
0%
Marlene Dietrich 1901-1992 Actrice / 16e / 2002 2001/2005
0%
Barbara 1930-1997 Auteure-compositrice-interprète / 17e / 2007 2006/2010
0%
Marie-Louise Dubreil-Jacotin 19051972 Mathématicienne / 13e / 2008 2006/2010
0%
Madeleine Daniélou 1880-1956 Fondatrice d'écoles / 17e / 2010 2006/2010
0%
Élisabeth Dmitrieff 1850-1910 Révolutionnaire / 3e / 2007 2006/2010
0%
Léonie Duquet 1916-1977 Religieuse / 13e / 2006 2006/2010
0%
Julie-Victoire Daubié 1824-1874 Journaliste / 13e / 2007 2006/2010
0%
Maria Doriath 1913-2005 Femme politique / 20e / 2008 2006/2010
0%
Alice Domon 1937-1977 Religieuse / 13e / 2006 2006/2010
0%
Jeanne Chauvin 1862-1926 Avocate / 13e / 2007 2006/2010
0%
Gerty Archimède 1909-1980 Avocate / 12e / 2006 2006/2010
0%
Bessie Coleman 1892-1926 Aviatrice / 20e / 2015 2011/2015
0%
Pascale de Boysson 1922-2022 Comédienne / 6e / 2015 2011/2015
0%
Louisette Blanquart 1921-2008 Syndicaliste / 18e / 2011 2011/2015
0%
Davia 1898-1996 Actrice / 16e / 2011 2011/2015
0%
Dora Bruder 1926-1941 Morte en déportation / 18e / 2015 2011/2015
0%
Louise Catherine Breslau 1856-1927 Artiste / 6e / 2013 2011/2015
0%
Carmen XIXe Personnage de Mérimée / 20e / 2013 2011/2015
0%
Anne-Marie Carrière 1925-2006 Humoriste / 18e / 2013 2011/2015
0%
Laure Diebold 1915-1965 Résistante / 9e / 2013 2011/2015
0%
Marianne Breslauer 1909-2001 Photographe / 15e / 2013 2011/2015
0%
Jenny Alpha 1910-2010 Chanteuse / 15e / 2012 2011/2015
0%
Jeanne Bohec 1919-2010 Résistante / 18e / 2014 2011/2015
0%
Pina Bausch 1940-2009 Chorégraphe / 1er / 2013 2011/2015
0%
Suzanne Denglos-Fau 1922-2002 Ecrivaine / 18e / 2013 2011/2015
0%
Isadora Duncan 1867-1927 Danseuse / 15e / 2013 2011/2015
0%
Adrienne Avril de Sainte-Croix 1855-1939 Philanthrope / 16e / 2015 2011/2015
0%
Madeleine Brès 1842-1921 Médecin / 13e / 2012 2011/2015
0%
Bérénice Abbott 1898-1991 Photographe / 13e / 2020 2016/2020
0%
Ghislaine Dupont 1956-2013 Journaliste / 2e / 2019 2016/2020
0%
Françoise Dorin 1928-2018 Comédienne / 17e / 2018 2016/2020
0%
Monique Antoine 1933-2015 Avocate / 4e / 2017 2016/2020
0%
Claude Cahun 1894-1954 Artiste / 6e / 2018 2016/2020
0%
Neus Català i Pallejà 1915-2019 Femme politique / 11e / 2019 2016/2020
0%
Jacqueline Domergue 1924-1957 Infirmière / 17e / 2017 2016/2020
0%
Chantal Akerman 1950-2005 Cinéaste / 20e / 2020 2016/2020
0%
Martine Durlach 1947-2014 Femme politique / 19e / 2020 2016/2020
0%
Gilberte Brossolette 1905-2004 Journaliste / 17e / 2019 2016/2020
0%
Josette Audin 1931-2019 Professeur / 5e / 2022 2021/2025
0%
Cécile Chaminade 1857-1944 Compositrice / 8e / 2021 2021/2025
0%
Aucun quiz correspondant
Distribution des résultats
% des personnes avec chaque résultat
Percentile par nombre de réponses
Votre historique - résultats
Vous n’avez pas pris ce quiz